The construction of houses (Record no. 115114)
[ view plain ]
| 000 -LEADER | |
|---|---|
| fixed length control field | 01522cam a2200265 4500 |
| 001 - CONTROL NUMBER | |
| control field | L158062 |
| 008 - FIXED-LENGTH DATA ELEMENTS--GENERAL INFORMATION | |
| fixed length control field | 060602n2013 000 0 eng u |
| 020 ## - INTERNATIONAL STANDARD BOOK NUMBER | |
| International Standard Book Number | 9780080971001 |
| 035 ## - SYSTEM CONTROL NUMBER | |
| System control number | (Sirsi) u158062 |
| 041 0# - LANGUAGE CODE | |
| Language code of text/sound track or separate title | eng |
| 050 04 - LIBRARY OF CONGRESS CALL NUMBER | |
| Classification number | 690.8 $2 18 |
| 100 1# - MAIN ENTRY--PERSONAL NAME | |
| Personal name | Marshall, Duncan |
| 245 04 - TITLE STATEMENT | |
| Title | The construction of houses |
| 250 ## - EDITION STATEMENT | |
| Edition statement | 4th ed. |
| 260 ## - PUBLICATION, DISTRIBUTION, ETC. | |
| Place of publication, distribution, etc. | London |
| Name of publisher, distributor, etc. | EG Books |
| Date of publication, distribution, etc. | 2013 |
| 505 0# - FORMATTED CONTENTS NOTE | |
| Formatted contents note | Introduction -- Foundations -- External loadbearing walls -- Ground floors -- Upper floors -- Roof structure -- Roof coverings -- Flat roofs -- Plastering -- Partitions -- External rendering -- Timber-framed housing -- Non-traditional housing -- Windows/doors/stairs -- Thermal insulation -- Cold water supply -- Hot water supply -- Space heating -- Drainage -- Electrical installations. |
| 520 ## - SUMMARY, ETC. | |
| Summary, etc. | This eBook provides a comprehensive introduction to the principles and practice of modern construction and services with most chapters containing in addition information on earlier construction techniques to reflect the age profile of the UK housing stock. This fourth revised edition has an additional chapter on concrete housing, a wealth of new illustrations and photos including an eight page colour section showing a series of photographs of a modern housing development. |
| 520 ## - SUMMARY, ETC. | |
| Summary, etc. | Supersedes the third edition (ISBN 0728203332). |
| 590 ## - LOCAL NOTE (RLIN) | |
| Local note | IKA180706 |
| 651 #4 - SUBJECT ADDED ENTRY--GEOGRAPHIC NAME | |
| Geographic name | United Kingdom |
| Chronological subdivision | |
| 690 ## - LOCAL SUBJECT ADDED ENTRY--TOPICAL TERM (OCLC, RLIN) | |
| Topical term or geographic name as entry element | BUILT ENVIRONMENT-CONSTRUCTION DESIGN |
| 700 1# - ADDED ENTRY--PERSONAL NAME | |
| Personal name | Worthing, Derek |
| 942 ## - ADDED ENTRY ELEMENTS (KOHA) | |
| Suppress in OPAC | 0 |
| Withdrawn status | Lost status | Source of classification or shelving scheme | Damaged status | Not for loan | Home library | Current library | Shelving location | Date acquired | Total Checkouts | Full call number | Barcode | Date last seen | Copy number | Price effective from | Koha item type |
|---|---|---|---|---|---|---|---|---|---|---|---|---|---|---|---|
| Dewey Decimal Classification | London | London | Books | 05/03/2014 | 690.8 MAR | 30075165 | 06/08/2019 | 1 | 06/08/2019 | Book |